000 00808nam a22003137a 4500
003 OSt
005 20140401083004.0
008 140401b xxu||||| |||| 00| 0 eng d
020 _a059099929X
050 _aLB 1049.9
_b.Al44s57 1997
100 _aAlexander, Francie.
245 _aBaby pig at school /
_cFrancie Alexander ; illustrated by Susan Miller.
260 _aNew York :
_bScholastic,
_cc1997.
300 _a16 p. :
_bcol. ill. ;
_c14 cm.
440 _aScholastic phonics readers
_n#57
521 _aG1
526 _c200
650 _aReaders (Primary)
650 _aReading
_vPhonetic method.
942 _2lcc
_cBK
999 _c48886
_d48886